[Event "FICGS class D 000014 email"]
[Site "FICGS email"]
[Date "2006.10.16"]
[Round "1"]
[White "Lambert, Frederic"]
[Black "Kenton, Ralph"]
[Result "0-1"]
[WhiteElo "1500"]
[BlackElo "1500"]
[PlyCount "20"]
[EventDate "2006.??.??"]
[EventType "tourn (corr)"]
[EventRounds "6"]
[SourceTitle "Corr 2022"]
[Source "ChessBase"]
[SourceDate "2021.10.24"]
[SourceVersion "1"]
[SourceVersionDate "2021.10.24"]
[SourceQuality "1"]

1. e4 d5 2. exd5 Qxd5 3. Nc3 Qd6 4. d4 Nf6 5. Bc4 a6 6. Bb3 b5 7. Qf3 Nc6 8. Ne4 Nxe4 9. Bxf7+ Kd8 10. Qxe4 Bb7 0-1

[Event "FICGS rapid B 000019 email"]
[Site "FICGS email"]
[Date "2006.10.14"]
[Round "1"]
[White "Caburro, John"]
[Black "Lambert, Frederic"]
[Result "1-0"]
[WhiteElo "1400"]
[BlackElo "1500"]
[PlyCount "65"]
[EventDate "2006.??.??"]
[EventType "tourn (rapid)"]
[EventRounds "6"]
[SourceTitle "Corr 2022"]
[Source "ChessBase"]
[SourceDate "2021.10.24"]
[SourceVersion "1"]
[SourceVersionDate "2021.10.24"]
[SourceQuality "1"]

1. e4 c5 2. Nf3 e6 3. d4 cxd4 4. Nxd4 Nc6 5. Nb5 d6 6. c4 Nf6 7. N1c3 a6 8. Na3 Be7 9. Be2 0-0 10. 0-0 b6 11. Be3 Bb7 12. f3 Ne5 13. f4 Ng6 14. Bf3 Qc7 15. Rc1 Nh4 16. Qd4 Nxf3+ 17. Rxf3 Nxe4 18. Nxe4 e5 19. Qd3 f5 20. Rff1 Bxe4 21. Qb3 Kh8 22. Bxb6 Qc6 23. c5 dxc5 24. Rf2 Rab8 25. Nc4 exf4 26. Ne5 Qxb6 27. Qxb6 Rxb6 28. Nd7 Rfb8 29. Nxb8 Rxb8 30. b3 Bf6 31. Rff1 Bd4+ 32. Kh1 Be3 33. Rcd1 1-0

[Event "FICGS rapid B 000019 email"]
[Site "FICGS email"]
[Date "2006.10.14"]
[Round "1"]
[White "Lambert, Frederic"]
[Black "Reboredo, Daniel"]
[Result "0-1"]
[WhiteElo "1500"]
[BlackElo "1700"]
[PlyCount "36"]
[EventDate "2006.??.??"]
[EventType "tourn (rapid)"]
[EventRounds "6"]
[SourceTitle "Corr 2022"]
[Source "ChessBase"]
[SourceDate "2021.10.24"]
[SourceVersion "1"]
[SourceVersionDate "2021.10.24"]
[SourceQuality "1"]

1. e4 e5 2. Nf3 Nc6 3. Bc4 Nf6 4. Ng5 d5 5. exd5 Nd4 6. c3 b5 7. Bf1 Nxd5 8. cxd4 Qxg5 9. Bxb5+ Kd8 10. Qf3 Bb7 11. 0-0 Rb8 12. dxe5 Ne3 13. Qh3 Qxg2+ 14. Qxg2 Nxg2 15. d4 Be7 16. d5 Nh4 17. Be2 Ng6 18. Nc3 Nxe5 0-1